A portrait of Greece / (Record no. 5204)

MARC details
000 -LEADER
fixed length control field 00814nac a22002651i 4500
003 - CONTROL NUMBER IDENTIFIER
control field EG-ScBUE
005 - DATE AND TIME OF LATEST TRANSACTION
control field 20240815114446.0
008 - FIXED-LENGTH DATA ELEMENTS--GENERAL INFORMATION
fixed length control field 240815t1998 cc ab f 001 0 eng d
020 ## - INTERNATIONAL STANDARD BOOK NUMBER
International Standard Book Number 1577170881
040 ## - CATALOGING SOURCE
Original cataloging agency EG-ScBUE
Language of cataloging eng
Description conventions rda
Transcribing agency EG-ScBUE
Modifying agency EG-ScBUE
082 04 - DEWEY DECIMAL CLASSIFICATION NUMBER
Classification number 949.521
Item number HAR
Edition number 22
100 1# - MAIN ENTRY--PERSONAL NAME
Personal name Hardin, Terri,
Relator term author.
245 12 - TITLE STATEMENT
Title A portrait of Greece /
Statement of responsibility, etc Terri Hardin.
264 #1 - PUBLICATION, DISTRIBUTION, ETC. (IMPRINT)
Place of publication, distribution, etc Beijing :
Name of publisher, distributor, etc Todtri,
Date of publication, distribution, etc [1998]
264 #4 - PUBLICATION, DISTRIBUTION, ETC. (IMPRINT)
Date of publication, distribution, etc c1998
300 ## - PHYSICAL DESCRIPTION
Extent 144 pages :
Other physical details color illustrations, color maps ;
Dimensions 35 cm
336 ## - CONTENT TYPE
Source rdacontent
Content type term text
Content type code txt
337 ## - MEDIA TYPE
Media type term unmediated
Source rdamedia
Media type code n
338 ## - CARRIER TYPE
Carrier type term volume
Carrier type code nc
Source rdacarrier
500 ## - GENERAL NOTE
General note Includes index.
651 #7 - SUBJECT ADDED ENTRY--GEOGRAPHIC NAME
Source of heading or term BUEsh
Geographic name Greece
General subdivision Social life and customs.
651 #7 - SUBJECT ADDED ENTRY--GEOGRAPHIC NAME
Source of heading or term BUEsh
Geographic name Greece
General subdivision History.
655 ## - INDEX TERM--GENRE/FORM
Form subdivision Reading book
942 ## - ADDED ENTRY ELEMENTS (KOHA)
Koha item type Book - Borrowing
Source of classification or shelving scheme Dewey Decimal Classification
Holdings
Withdrawn status Lost status Source of classification or shelving scheme Damaged status Not for loan Collection code Home library Current library Shelving location Date acquired Source of acquisition Total Checkouts Full call number Barcode Date last seen Price effective from Koha item type
    Dewey Decimal Classification     Alahram Central Library Central Library Second Floor 21/10/2007 Purchase   949.521 HAR 000006466 15/07/2025 21/10/2007 Book - Borrowing